000 00876nam a2200265Ia 4500
003 OSt
005 20220930093229.0
006 a|||||r|||| 00| 0
007 ta
008 220926b |||||||| |||| 00| 0 eng d
024 _a35643
037 _cTheses
040 _aCRL
_cCRL
_beng
041 _2eng
_aeng
100 _aRajesh Kumar Au.
_9545972
110 _aUniversity of Delhi. Faculty of Mathematical Sciences. Department of Mathematics
245 0 _aCoincidence and fixed point Theorems in metric, cone metric and vector metric spaces
260 _c2016
300 _axiii,89p.
_ap.
_ccm.
650 _aMATHEMATICS
700 _a Dr. Sachin Vashistha Gu.
_9551275
700 _aUniversity of Delhi. Faculty of Mathematical Sciences. Department of Mathematics
942 _cDIS
_2CC
999 _c885049
_d885049